00549nam a22001457a 450000500170000001000260001702000230004303500220006608200080008810000540009624500920015026000420024227000740028430000450035820230906153128.0 aHIN-125865 HIN-125864 c140.00a9386947870 aHN-98211 HN-98210 a821 aचावला, कश्मीरी लाल  aयादों के साये /cकश्मीरी लाल चावला aBarnala bTark bharti Parkashanc2018 aold sabzi mandi kacha college road opposite st no 8 bBarnalae148101 a96 p c23 cm(सजिल्द)bIndex